000 00322pam a2200133a 44500
008 230405s2007 xxu||||| |||| 00| 0 eng d
041 _aENG
100 _aFletcher hickey
245 _aInstant Notes Genetics
260 _a
_bTaylor and francis group llc 270
_c2007
300 _a379
700 _awinter
906 _a9266
999 _c299765
_d299765